Welcome to the Holygrace Academy Library

Please use search bar below to get started

FIVE LITTLE RABBITS (Record no. 7529)

MARC details
000 -LEADER
fixed length control field 00244nam a22001097a 4500
082 ## - DEWEY DECIMAL CLASSIFICATION NUMBER
Classification number 823
Item number UNK/F
100 ## - MAIN ENTRY--AUTHOR NAME
Personal name UNKNOWN
245 ## - TITLE STATEMENT
Title FIVE LITTLE RABBITS
260 ## - PUBLICATION, DISTRIBUTION, ETC. (IMPRINT)
Place of publication BRIGHTON
Name of publisher LITOR PUBLICATIONS
650 ## - SUBJECT ADDED ENTRY--TOPICAL TERM
Topical Term ENGLISH STORY
Geographic subdivision BRIGHTON
942 ## - ADDED ENTRY ELEMENTS (KOHA)
Koha item type Books
Holdings
Withdrawn status Lost status Collection code Home library Current library Date acquired Source of acquisition Full call number Accession Number Koha item type
Withdrawn Damaged Item Fiction Main Library Main Library 16/05/2005 purchase 823 UNK/F 00670 Books